000 02205nam a2200313 a 4500
001 BRCA_2429
005 20190320203814.0
008 141108s1781----enk#---###---#000-0#spa-u
041 _aspa
044 _aenk
084 _a067
_b.E27
_c1781
100 1 _aCervantes Saavedra, Miguel de
_d1547-1616
_9213
245 1 0 _aHistoria del famoso cavallero Don Quixote de la Mancha
_cpor Miguel de Cervantes Saavedra.
260 _aSalisbury (Inglaterra)
_bEduardo Easton
_c1781
300 _a3 v.
_c29 cm.
500 _aContenido : v 1. Primera parte. Dedicatoria al Lord Huntington por John Bowle, en inglés. Dedicatoria del autor. Prólogo del autor. Versos preliminares. Texto. -- v 2. Segunda parte. Dedicatoria del autor. Prólogo del autor. Texto. -- v 3. Anotaciones de la historia de D. Quixote de la Mancha por el Rev. Juan Bowle. Prólogo del editor. Lista de autores citados en las anotaciones. Prólogo a los índices. Texto
500 _aEdición : Anotada por John Bowle
500 _aEjemplar de la primera tirada de la célebre edición del primer comentarista y anotador del Quijote, el inglés John Bowle, que aportó las materias para los comentarios posteriores de los españoles Pellicer, Arrieta, Clemencín y otros. No sabiendo hablar español, dedicó Bowle 14 años de estudio para aprenderlo, editar y anotar esta magna obra. Para el texto tomó por modelo las ediciones segunda y tercera de Cuesta (1605 y 1608), para la primera parte, especialmente la última. Para la segunda parte siguió a la príncipe. La parte tipográfica es esmeradísima y digna de encomio, máxime que se trata de una edición publicada en un país cuya lengua no es la de Cervantes Lúdovik Osterc
500 _aIncluye índice : De nombres y de palabras principales en D. Quixote
500 _aQM55
650 1 4 _aNovela española
_yÉpoca clásica, 1500-1700
_9215
650 1 4 _aLiteratura española
_yÉpoca clásica, 1500-1700
_9216
650 1 4 _aNovela española
_ySiglo XVII
_9217
650 1 4 _aDon Quijote (Personaje ficticio)
_eNovela
_9218
700 1 _aBowle, John
_d1725-1788
_eAnotador
_97113
740 0 _aEl Ingenioso Hidalgo Don Quijote de la Mancha
902 _aQFM
942 _2lcc
_cB
999 _c2170
_d2170